| 000 | 00489nam a2200169 i 4500 | ||
|---|---|---|---|
| 001 | 123898 | ||
| 003 | ES-MaACL | ||
| 005 | 20230906192254.0 | ||
| 007 | t| | ||
| 008 | 070214s1916 mx r ||||1| spa d | ||
| 100 | 1 |
_aRamírez Garrido, José Domingo. _995149 |
|
| 245 | 1 | 0 |
_aDesde la tribuna roja / _cJ. D. Ramírez Garrido. |
| 260 |
_aMéxico : _bAndrés Botas, _c1916. |
||
| 300 |
_a78 p. ; _c19 cm. |
||
| 651 | 4 |
_aMéxico- _xHistoria- _z1910-1946. _99066 |
|
| 852 |
_aES-MaACL _j1571-F-3 |
||
| 999 |
_c123898 _d123898 |
||